000 00532cam a2200145 4500500
005 20251012023217.0
041 _afre
042 _adc
100 1 0 _aMusco, Jonas
_eauthor
245 0 0 _aAgentivités célestes : anthropologie historique des relations aux oiseaux dans la vallée du Mississippi autochtone au xviiie siècle
260 _c2025.
500 _a26
786 0 _nL'Homme | 253 | 1 | 2025-04-10 | p. 5-38 | 0439-4216
856 4 1 _uhttps://shs.cairn.info/revue-l-homme-2025-1-page-5?lang=fr&redirect-ssocas=7080
999 _c1541597
_d1541597